2023 New York Yankees Roster - Statistics

General Stats
  • This quiz has been taken 69 times
  • The average score is 25 of 54
Answer Stats
# Player % Correct
99 Aaron Judge
100%
45 Gerrit Cole
96%
48 Anthony Rizzo
91%
25 Gleyber Torres
89%
11 Anthony Volpe
88%
27 Giancarlo Stanton
84%
39 Jose Trevino
82%
55 Carlos Rodón
80%
53 Clay Holmes
79%
88 Austin Wells
77%
95 Oswaldo Cabrera
77%
65 Nestor Cortes
75%
26 DJ LeMahieu
70%
28 Josh Donaldson
70%
31 Aaron Hicks
68%
36 Clarke Schmidt
63%
40 Luis Severino
63%
91 Oswald Peraza
63%
12 Isiah Kiner-Falefa
61%
89 Jasson Domínguez
61%
66 Kyle Higashioka
57%
0 Domingo Germán
55%
34 Michael King
55%
41 Tommy Kahnle
54%
43 Jonathan Loáisiga
52%
22 Harrison Bader
48%
30 Luke Weaver
46%
71 Ian Hamilton
45%
58 Wandy Peralta
39%
61 Jake Bauers
38%
97 Ron Marinaccio
38%
57 Billy McKinney
36%
76 Jhony Brito
36%
84 Albert Abreu
34%
38 Ben Rortvedt
30%
90 Estevan Florial
30%
33 Franchy Cordero
30%
70 Jimmy Cordero
29%
30 Greg Allen
25%
80 Everson Pereira
23%
47 Frankie Montas
21%
98 Randy Vásquez
21%
24 Willie Calhoun
20%
83 Deivi García
14%
93 Keynan Middleton
14%
94 Yoendrys Gómez
14%
62 Ryan Weber
13%
54 Anthony Misiewicz
11%
63 Nick Ramirez
9%
54 Colten Brewer
7%
65 Greg Weissert
7%
92 Matt Krook
7%
29 Zach McAllister
7%
50 Matt Bowman
5%
No matching quizzes found
Score Distribution
Percent of People with Each Score
Percentile by Number Answered
Your Score History
You have not taken this quiz